| 000 | 00000nas 2200000za 4500 |
| 001 | 9.815598 |
| 003 | CaOODSP |
| 005 | 20221107142042 |
| 007 | cr ||||||||||| |
| 008 | 160418d19931997oncar p oss f000#a0eng|d |
| 022 | |y1201-298X |
| 040 | |aCaOODSP|beng |
| 041 | |aeng|afre |
| 043 | |an-cn--- |
| 086 | 1 |aCS85F0015-PDF |
| 245 | 00|aLegal aid in Canada, resource and caseload statistics |h[electronic resource] = |bL'aide juridique au Canada, ressources et nombre de cas. |
| 246 | 11|aAide juridique au Canada, ressources et nombre de cas |
| 260 | |aOttawa : |bCourts Program, Canadian Centre for Justice Statistics, Statistics Canada = Programme des tribunaux, Centre canadien de la statistique juridique, Statistique Canada, |c[1993]-1998. |
| 310 | |aAnnual |
| 362 | 0 |a1992/1993-1996/97. |
| 500 | |aDigitized edition from print [produced by Statistics Canada]. |
| 520 | |aThis publication presents detailed quantitative information on revenues, expenditures and caseloads of legal aid across Canada. |
| 546 | |aText in English and French. |
| 580 | |aSplit into: Legal aid in Canada, resource and caseload statistics and Aide juridique au Canada, resources et nombre de cas. |
| 692 | 07|2gccst|aLegal aid |
| 710 | 2 |aCanadian Centre for Justice Statistics. |
| 710 | 2 |aStatistics Canada. |
| 792 | |tLegal aid in Canada, resource and caseload statistics |efre|w(CaOODSP)9.815602 |